| 000 | 00966nam a22002657a 4500 | ||
|---|---|---|---|
| 999 |
_c21663 _d21663 |
||
| 003 | AR-CdUCM | ||
| 008 | 190319b ||||| |||| 00| 0 spa d | ||
| 020 | _a9786123172985 | ||
| 040 |
_aMUNICIPALIDAD PROVINCIAL DEL CUSCO _cBIBLIOTECA MUNICIPAL DEL CUSCO |
||
| 082 |
_a658.72/C29C _bC29C |
||
| 100 |
_aCarreño Solís, Adolfo _945713 |
||
| 245 |
_aCadena de suministro y logística / _cAdolfo Joseph Carreño Solís |
||
| 260 |
_aLima ; _bPontificia Universidad Católica del Perú, _c2017. |
||
| 300 |
_a566 Páginas. : _bilustraciones ; _c24 cm. |
||
| 500 | _zBibliografía: p. 563-566 | ||
| 650 |
_aLogística empresarial _945681 |
||
| 650 |
_aAlmacenes en cadena _945714 |
||
| 650 |
_aComercio internacional _945715 |
||
| 650 |
_aAdministración de materiales _945716 |
||
| 650 |
_aControl de inventarios _945683 |
||
| 650 |
_aAdministración _945717 |
||
| 710 |
_aPontificia Universidad Católica del Perú _9400 |
||
| 942 |
_2ddc _cLIBROS |
||
| 945 | _aRoel | ||